|
|
|
|
| LEADER |
00932nam a22002532a 4500 |
| 001 |
000302176 |
| 003 |
CZ BrMZK |
| 005 |
20130529132459.0 |
| 007 |
ta |
| 008 |
980107s1971 xr af f 000 0 cze d |
| 015 |
|
|
|a cnb000432371
|
| 035 |
|
|
|a (OCoLC)42155972
|
| 040 |
|
|
|a BOA001
|b cze
|
| 100 |
1 |
|
|a Ptáčník, František,
|d 1930-
|7 xx0012315
|4 aut
|
| 245 |
1 |
0 |
|a Josef Haken - člověk, učitel, politik :
|b (publicistická činnost) /
|c František Ptáčník
|
| 250 |
|
|
|a 1. vyd.
|
| 260 |
|
|
|a Hradec Králové :
|b Kruh,
|c 1971
|
| 300 |
|
|
|a 91 s., obr. příl.
|
| 504 |
|
|
|a Obsahuje bibliografii
|
| 910 |
|
|
|a BOA001
|b PK-0065.793
|b 2-0663.797
|
| 964 |
|
|
|a Haken, Josef - život a dílo - bibliografie
|
| 990 |
|
|
|a BK
|
| 996 |
6 |
|
|b 2619003768
|c 2-0663.797
|l Sklad H1
|r Sklad / do 24 hodin
|n 0
|h HS212
|w 000302176
|u 000020
|a 1
|e BOA001
|j MZK50
|s P
|
| 996 |
7 |
|
|b 3119812176
|c PK-0065.793
|l MZK
|r Sklad / do 1 hodiny
|n 0
|w 000302176
|u 000010
|a 1
|e BOA001
|j MZK50
|s A
|